LEADER 01006nam a2200265 i 4500 001 000000157031 003 CaOOAMICUS 005 20160829000000.0 008 160829s2004 it u000 u ita u 013 $a134386 020 $a88-10-51022-4 040 $aSeMil$bita 100 1 $aAlbanesi, Vinicio.$0(OLS)http://semarc/name/38377 245 10$aFede quotidiana /$cVinicio Albanesi. 260 $aBologna :$bEDB,$c2004. 300 $a149 p. ;$c21 cm. 490 0 $aItinerari : collana di spiritualitą : dottrina, esperienze, testimonianze 650 4$aFede - Meditazioni.$0(OLS)http://semarc/subject/9634 830 0$aItinerari.$0(OLS)http://semarc/title/10409 850 $aSeMil 852 $aSeMil$W1$xVenegono$y1$m3F V 54$j108762$B108762$CSeMilBibl$Z2$F118495 $81 961 $aOmaggio: Altro 996 $6020$a88-10-51022-4$9(OLS)http://semarc/number/147277 996 $6245$aFede quotidiana$9(OLS)http://semarc/title/230272 996 $6260$aBologna :$bEDB$9(OLS)http://semarc/publisher/29669 LEADER 01267nam a2200277 i 4500 001 000000140017 003 CaOOAMICUS 005 20050607000000.0 008 050607s1988 it u000 u ita u 013 $a114214 020 $a88-07-10101-7 040 $aSeMil$bita 245 13$aLa ragione possibile :$bPer una geografia della cultura /$cA cura di Giuseppe Barbieri e Paolo Vidali ; Testi di K. O. Apel ... [et al.]. 260 $aMilano :$bFeltrinelli,$c1988. 300 $a483 p. ;$c22 cm. 650 4$aEpistemologia filosofica.$0(OLS)http://semarc/subject/1833 650 4$aRagione - Filosofia.$0(OLS)http://semarc/subject/12916 700 1 $aBarbieri, Giuseppe <1955- >.$0(OLS)http://semarc/name/53496 700 1 $aApel, Karl-Otto,$d<1922-2017>.$0(OLS)http://semarc/name/90057 700 1 $aVidali, Paolo,$d<1955- >.$0(OLS)http://semarc/name/56459 850 $aSeMil 852 $aSeMil$W1$xVenegono$y1$m52 1 34 *$j93403$B93403$CSeMilBibl$Z2$F98816 $81 961 $aLascito: Corradi mons. Enrico 996 $6020$a88-07-10101-7$9(OLS)http://semarc/number/128105 996 $6245$aLa ragione possibile :$bPer una geografia della cultura$9(OLS)http://semarc/title/204576 996 $6260$aMilano :$bFeltrinelli$9(OLS)http://semarc/publisher/30237